000 00341nam a2200157Ia 4500
001 32217
003 IN-NITTTR
005 20251114233429.0
008 251113s9999||||xx |||||||||||||| ||eng||
040 _beng
040 _cIN-NITTTR
041 _aeng
082 _a621.38154 P314S
245 0 _aSensors and transducers /
942 _2ddc
_cBK
999 _c34847
_d34847